| 000 | 00607nam a2200229 4500 | ||
|---|---|---|---|
| 003 | OSt | ||
| 005 | 20180116183012.0 | ||
| 008 | 150909b xxu||||| |||| 00| 0 eng d | ||
| 020 | _a9780071760133 | ||
| 022 | _a9780071760133 | ||
| 040 | _c0 | ||
| 050 | _a332.6322 | ||
| 082 | _a332.6322 | ||
| 100 | _aO'Neil,William J. | ||
| 245 |
_aHow to Make Money in Stocks. _bComplete Investing System. _cWilliam J.O'Neil. |
||
| 260 |
_aNew York. _bMcGraw-Hill _c2011. |
||
| 300 | _a500p. | ||
| 500 | _aPaper Cover | ||
| 600 | _aO'Neil,William J. | ||
| 700 | _aO'Neil,William J. | ||
| 942 |
_2ddc _cBK _k332.6322 |
||
| 999 |
_c350303 _d350303 |
||